| 000 | 00524nam a2200193Ia 4500 | ||
|---|---|---|---|
| 999 |
_c8303 _d8303 |
||
| 003 | OSt | ||
| 005 | 20201009120841.0 | ||
| 008 | 190216s9999||||xx |||||||||||||| ||und|| | ||
| 020 | _a9788126423903 | ||
| 040 | _coclc | ||
| 082 |
_a004 _bADA/E |
||
| 100 |
_aAdarsh, V K _95532 |
||
| 245 | 0 |
_aEni Vayana E Vayana / _cV K Adarsh |
|
| 250 | _a1st Ed. | ||
| 260 |
_bD C Books Kerala, _c2009. _aKottayam: |
||
| 300 | _a116p | ||
| 650 | _aInformation Technology | ||
| 942 |
_cBK _2ddc _h004 _iADA/E _k004 _mADA/E |
||